Vista normal
Vista MARC
- Sala, Cecilia
Entrada Personal Name
Número de registros utilizados en: 1
001 - CONTROL NUMBER
- control field: 27231
003 - CONTROL NUMBER IDENTIFIER
- control field: AR-BaUME
005 - DATE AND TIME OF LATEST TRANSACTION
- control field: 20260226111336.0
008 - FIXED-LENGTH DATA ELEMENTS
- fixed length control field: 260226|| aca||aabn | a|a d
040 ## - CATALOGING SOURCE
- Original cataloging agency: AR-BaUME
- Transcribing agency: AR-BaUME
100 ## - HEADING--PERSONAL NAME
- Personal name: Sala, Cecilia
670 ## - SOURCE DATA FOUND
- Source citation: Work cat.: (AR-BaUME): Sala, Cecilia, La crianza y educación como categorías políticas en los nuevos escenarios pedagógicos / , 2022



